La invocacin̤ del plazo razonable ante el Tribunal de Justicia

Detalles Bibliográficos
Autor principal: Moreiro, Carlos J.
Formato: eBook
Lenguaje:español
Publicado: Madrid : Dykinson, 2012
Materias:
Acceso en línea:Acceso restringido

MARC

LEADER 00000nam a22000007a 4500
005 20131127154919.0
007 cr|||| ||||
008 131127s2012 sp |||||s|||| 00||0|spa d
020 |a 978-84-9031-461-6 
035 |a 11637 
040 |a vLex 
090 |c 4579  |d 4579 
100 1 |a Moreiro, Carlos J. 
245 1 3 |a La invocacin̤ del plazo razonable ante el Tribunal de Justicia  |h [Recurso electrn̤ico] /  |c Carlos J. Moreiro  
256 |a Servicio en ln̕ea 
260 |a Madrid :  |b Dykinson,  |c 2012 
300 |a 1 recurso electrn̤ico 
506 1 |a Contenido solo disponible en los productos indicados  |d vLex Global  |d vLex Global (Academic Edition, excluding Law Schools)  |d vLex Global (U.S. Academic Edition, Law Schools)  |d vLex Global (U.S. Academic Edition, excluding Law Schools)  |d vLex Global (Academic Edition, Law Schools) 
650 0 4 |a Derecho procesal 
650 0 4 |a Procedimiento Judicial 
740 0 |a vLex Libros (Servicio en ln̕ea) 
856 4 0 |u http://vlex.com/source/invocacion-plazo-razonable-tribunal-justicia-11637  |z Acceso restringido 
942 |c BOOK 
999 0 |a Procedure (Law) 
999 0 |a Judicial process